00673nam a2200205Ia 450000500170000000800410001702000180005804000180007604100080009408200210010210000180012324501050014125000120024626000460025830000280030465000450033265000270037765000450040470000180044920230428095352.0210716s2011 xx 000 0 und d a9788126531080 cAIMIT LIBRARY aeng a004.69 21bDOVD aDover, Danny. aSearch engine optimization secrets: bdo what you never thought possible with SEO /cBy Danny Dover. a1st ed. aNew Delhi :bWiley India Pvt Ltd ,c2011. axix,435p. ;bPBc23 cm. aUnderstanding search engine optimization aPicking the right SEO  aOptimizing for alternative search engine aDover, Danny.